| 000 | 00321 a2200133 4500 | ||
|---|---|---|---|
| 999 |
_c324313 _d324313 |
||
| 001 | 89240 | ||
| 003 | NUST | ||
| 082 | _a891.4397 SHA | ||
| 100 |
_aShafeeq Ur Rehman _99652 |
||
| 245 | _aMazeed Hamaqtain | ||
| 260 |
_aLahore _bSang-e-meel Publications _c2011 |
||
| 300 | _a288p. | ||
| 500 | _aGeneral Books | ||
| 942 |
_aCAE NUST _cBK _k891.4397 SHA _2ddc |
||